000 00658nam a2200193 a 4500
005 20150105101705.0
008 140130b2007 ck ||||| |||| 00| 0 spa d
040 _cInstituto Alexander von Humboldt
041 _aspa
044 _ack
090 _aIAVH
_b01198
100 _aHiguera Díaz, Mónica Paola
_96008
245 _aApoyo en las labores de campo y en laboratorio del grupo que trabajó en insectos con énfasis en mariposas diurnas, escarabajos coprófagos y hormigas
_bInforme final
260 _aBogotá
_bInstituto Alexander von Humboldt
_c2007
300 _a16 p.
662 _cSelva de Matavén
942 _cINFORME
_2z
945 _d2008-03-6
999 _c6217
_d6217